[Event "Hampshire Open"]
[Site "Eastleigh"]
[Date "2017.11.03"]
[Round "1"]
[White "Fernandez, Michael"]
[Black "Cordner, David A"]
[Result "1/2-1/2"]
[WhiteElo "2328"]
[BlackElo "1984"]
[PlyCount "107"]
[EventDate "2017.11.03"]
[EventType "swiss"]
[EventRounds "6"]
[EventCountry "ENG"]
[SourceTitle "BritBase"]
[Source "John Saunders"]
[SourceDate "2017.11.12"]
[SourceVersion "1"]
[SourceVersionDate "2017.11.12"]
[SourceQuality "1"]

1. c4 e6 2. g3 d5 3. Bg2 dxc4 4. Nf3 Nf6 5. O-O Be7 6. a4 O-O 7. Na3 c5 8. Nxc4 Nc6 9. b3 Nd5 10. Bb2 Bd7 11. Nfe5 Nxe5 12. Nxe5 Rc8 13. d4 Bc6 14. dxc5 Bxc5 15. Rc1 Qe7 16. Nxc6 bxc6 17. e4 Nb4 18. Qh5 Nd3 19. Rc2 e5 20. Bc3 Rfd8 21. Bh3 Rb8 22. Ba5 Rd6 23. Rc3 Bb6 24. Bxb6 axb6 25. Qe2 Rbd8 26. Qe3 c5 27. Bg4 Nb4 28. a5 Rd3 29. Rxd3 Rxd3 30. Qc1 bxa5 31. Qc4 g6 32. Rc1 h5 33. Be2 Rd2 34. Bf1 Rd4 35. Qxc5 Qxc5 36. Rxc5 Rxe4 37. Rxa5 Nc6 38. Ra1 Rb4 39. Bc4 Kg7 40. Kf1 Nd4 41. Rb1 f5 42. Ke1 Nf3+ 43. Kd1 Nxh2 44. Kd2 f4 45. Kc3 Rb8 46. gxf4 exf4 47. Kd4 Ng4 48. b4 Nxf2 49. b5 Kf6 50. Rf1 Rd8+ 51. Bd5 Nd3 52. Kxd3 Rxd5+ 53. Kc4 Rd8 54. Rxf4+ 1/2-1/2

[Event "Hampshire Open"]
[Site "Eastleigh"]
[Date "2017.11.03"]
[Round "1"]
[White "Stimpson, Philip M"]
[Black "Waddington, Michael P"]
[Result "0-1"]
[WhiteElo "1944"]
[BlackElo "2128"]
[PlyCount "82"]
[EventDate "2017.11.03"]
[EventType "swiss"]
[EventRounds "6"]
[EventCountry "ENG"]
[SourceTitle "BritBase"]
[Source "John Saunders"]
[SourceDate "2017.11.12"]
[SourceVersion "1"]
[SourceVersionDate "2017.11.12"]
[SourceQuality "1"]

1. e4 c5 2. Nc3 a6 3. f4 b5 4. g3 Bb7 5. Bg2 b4 6. Na4 e6 7. d3 d5 8. Be3 Qa5 9. b3 Nf6 10. e5 Nfd7 11. Nf3 Nc6 12. O-O Be7 13. Qe2 g6 14. g4 h5 15. g5 Na7 16. a3 bxa3 17. c4 Qc7 18. cxd5 Bxd5 19. Nc3 Nb5 20. Nxd5 exd5 21. Rfc1 Qa7 22. Bf2 Nf8 23. b4 d4 24. Qe4 Rc8 25. Nxd4 Nxd4 26. Bxd4 Ne6 27. Be3 O-O 28. h4 Qb8 29. f5 gxf5 30. Qxf5 Ng7 31. Qe4 cxb4 32. g6 b3 33. gxf7+ Rxf7 34. Rxc8+ Qxc8 35. Qd5 b2 36. Rf1 Ne6 37. Qb3 Rxf1+ 38. Bxf1 Kg7 39. d4 Nf8 40. d5 Qg4+ 41. Bg2 Qb4 0-1

[Event "Hampshire Open"]
[Site "Eastleigh"]
[Date "2017.11.03"]
[Round "1"]
[White "Chapman, Matt"]
[Black "Davis, Tim"]
[Result "1-0"]
[WhiteElo "2064"]
[BlackElo "1920"]
[PlyCount "95"]
[EventDate "2017.11.03"]
[EventType "swiss"]
[EventRounds "6"]
[EventCountry "ENG"]
[SourceTitle "BritBase"]
[Source "John Saunders"]
[SourceDate "2017.11.12"]
[SourceVersion "1"]
[SourceVersionDate "2017.11.12"]
[SourceQuality "1"]

1. e4 d5 2. exd5 Qxd5 3. Nc3 Qa5 4. d4 Nf6 5. Bd2 c6 6. Nf3 Bf5 7. Bc4 Nbd7 8. O-O e6 9. Re1 Qc7 10. Ne5 Nxe5 11. dxe5 Nd5 12. Nxd5 exd5 13. Bb3 Bc5 14. Qf3 Qd7 15. c3 Be4 16. Qg3 O-O-O 17. Be3 Bxe3 18. Rxe3 Qf5 19. Rae1 Qg6 20. c4 dxc4 21. Bxc4 Bd5 22. Bxd5 Rxd5 23. Qxg6 hxg6 24. Rf3 Rd7 25. g3 Re8 26. Kg2 Rd2 27. Rxf7 Rxb2 28. Rxg7 Rf8 29. h4 Rfxf2+ 30. Kh3 Rbe2 31. Rxe2 Rxe2 32. Rxg6 Rxe5 33. Kg4 c5 34. h5 Re2 35. h6 Rh2 36. Kg5 c4 37. Re6 Kd7 38. Re3 b5 39. Kg6 Kd6 40. h7 Kd5 41. Kg7 b4 42. h8=Q Rxh8 43. Kxh8 c3 44. Re8 Kd4 45. g4 Kd3 46. g5 Kc2 47. g6 Kb1 48. Re2 1-0

[Event "Hampshire Open"]
[Site "Eastleigh"]
[Date "2017.11.03"]
[Round "1"]
[White "Potter, Mark"]
[Black "Fowler, David"]
[Result "0-1"]
[WhiteElo "1904"]
[BlackElo "2040"]
[PlyCount "50"]
[EventDate "2017.11.03"]
[EventType "swiss"]
[EventRounds "6"]
[EventCountry "ENG"]
[SourceTitle "BritBase"]
[Source "John Saunders"]
[SourceDate "2017.11.12"]
[SourceVersion "1"]
[SourceVersionDate "2017.11.12"]
[SourceQuality "1"]

1. c4 e6 2. g3 d5 3. Bg2 c6 4. cxd5 exd5 5. d4 Bf5 6. Nc3 Nf6 7. Nf3 Be7 8. O-O O-O 9. Nh4 Bg4 10. f3 Be6 11. Qd3 Qd7 12. f4 Bh3 13. f5 Bxg2 14. Nxg2 c5 15. Bg5 cxd4 16. Nb5 Nc6 17. Nxd4 Nxd4 18. Qxd4 Rac8 19. Qd3 Bc5+ 20. Be3 Bxe3+ 21. Nxe3 Rfe8 22. Rac1 Rxc1 23. Rxc1 Qe7 24. Nxd5 Nxd5 25. Qxd5 Qe3+ 0-1

[Event "Hampshire Open"]
[Site "Eastleigh"]
[Date "2017.11.03"]
[Round "1"]
[White "Gregory, Keith DF"]
[Black "Northcott, Paul"]
[Result "1-0"]
[WhiteElo "2040"]
[BlackElo "1888"]
[PlyCount "151"]
[EventDate "2017.11.03"]
[EventType "swiss"]
[EventRounds "6"]
[EventCountry "ENG"]
[SourceTitle "BritBase"]
[Source "John Saunders"]
[SourceDate "2017.11.12"]
[SourceVersion "1"]
[SourceVersionDate "2017.11.12"]
[SourceQuality "1"]

1. Nf3 d5 2. c4 e6 3. g3 Nf6 4. Bg2 c6 5. b3 Bd6 6. Bb2 Nbd7 7. O-O O-O 8. d4 b6 9. Nbd2 Bb7 10. Qc2 c5 11. Rac1 Rc8 12. Qb1 Qe7 13. Qa1 Ba6 14. dxc5 Bxc5 15. a3 Rfe8 16. b4 Bd6 17. cxd5 exd5 18. Nd4 Ne5 19. Nf5 Qf8 20. Rxc8 Bxc8 21. Nxd6 Qxd6 22. Nf3 Ned7 23. Nd4 Ne5 24. Nb5 Qe7 25. Bd4 a6 26. Nc3 Qd6 27. Rd1 Bb7 28. Na4 b5 29. Nc5 Bc8 30. h3 Ned7 31. e3 h6 32. Nxd7 Bxd7 33. Bxf6 Qxf6 34. Qxf6 gxf6 35. Rxd5 Bc6 36. Rd6 Bxg2 37. Kxg2 Re6 38. Rd2 Rc6 39. Rd8+ Kg7 40. Ra8 Kg6 41. Kf3 h5 42. Kf4 f5 43. h4 f6 44. Ra7 Rc4+ 45. Kf3 Rc6 46. Ke2 Rd6 47. Rc7 Kh6 48. Rc3 Kg6 49. Rd3 Rc6 50. Kd2 Kh6 51. Rc3 Rd6+ 52. Kc2 Kg6 53. Rd3 Rc6+ 54. Kb2 Kh6 55. Rd4 Kg6 56. Rd2 Kh6 57. Kb3 Kg7 58. a4 Kg6 59. a5 Kg7 60. Rd4 Kh6 61. Rd7 Kg6 62. Rd8 Kf7 63. Rd2 Kg7 64. Rd7+ Kh6 65. Rb7 Kg6 66. Rb6 Rc1 67. Rxa6 Rf1 68. Rb6 Rxf2 69. Rxb5 Rf3 70. a6 Rxe3+ 71. Kc2 Re8 72. a7 Ra8 73. Ra5 Kf7 74. b5 Ke7 75. b6 Kd7 76. b7 1-0

[Event "Hampshire Open"]
[Site "Eastleigh"]
[Date "2017.11.03"]
[Round "1"]
[White "Chilton, James"]
[Black "Anderson, Peter"]
[Result "1/2-1/2"]
[WhiteElo "1760"]
[BlackElo "1992"]
[PlyCount "50"]
[EventDate "2017.11.03"]
[EventType "swiss"]
[EventRounds "6"]
[EventCountry "ENG"]
[SourceTitle "BritBase"]
[Source "John Saunders"]
[SourceDate "2017.11.12"]
[SourceVersion "1"]
[SourceVersionDate "2017.11.12"]
[SourceQuality "1"]

1. e4 g6 2. d4 Bg7 3. Nf3 d6 4. Bc4 Nf6 5. Nc3 O-O 6. Qd3 Nc6 7. a3 Bg4 8. Be3 Bxf3 9. gxf3 e5 10. d5 Nd4 11. Bxd4 exd4 12. Ne2 c5 13. dxc6 bxc6 14. Nxd4 d5 15. Nxc6 dxc4 16. Qxd8 Rfxd8 17. Nxd8 Rxd8 18. Rd1 Rb8 19. Rb1 Nh5 20. b4 Bc3+ 21. Ke2 Nf4+ 22. Ke3 Ng2+ 23. Ke2 Nf4+ 24. Ke3 Ng2+ 25. Ke2 Nf4+ 1/2-1/2

[Event "Hampshire Open"]
[Site "Eastleigh"]
[Date "2017.11.04"]
[Round "2"]
[White "Waddington, Michael P"]
[Black "Deacon, David"]
[Result "1-0"]
[WhiteElo "2128"]
[BlackElo "1856"]
[PlyCount "99"]
[EventDate "2017.11.03"]
[EventType "swiss"]
[EventRounds "6"]
[EventCountry "ENG"]
[SourceTitle "BritBase"]
[Source "John Saunders"]
[SourceDate "2017.11.12"]
[SourceVersion "1"]
[SourceVersionDate "2017.11.12"]
[SourceQuality "1"]

1. c4 Nf6 2. Nc3 c5 3. g3 d5 4. cxd5 Nxd5 5. Bg2 Nc7 6. Qa4+ Bd7 7. Qb3 Nc6 8. Qxb7 Nd4 9. Qe4 e6 10. Qb1 Rb8 11. e3 Nc6 12. Nf3 Be7 13. O-O O-O 14. d4 Nd5 15. Nxd5 exd5 16. dxc5 Bxc5 17. Rd1 Be6 18. b3 Qe7 19. Bb2 Rfd8 20. Nd4 Nxd4 21. Bxd4 Rbc8 22. Qb2 Ba3 23. Qe2 Bf5 24. Qf3 Qe6 25. Qe2 a6 26. Qd2 Bc2 27. Re1 Qd6 28. Bc3 Qg6 29. Ba5 Bb2 30. Bxd8 Bxa1 31. Rxa1 Rxd8 32. Rc1 Be4 33. Qa5 Re8 34. Bxe4 dxe4 35. Qd5 h5 36. Rc6 Qg4 37. h4 Qe2 38. Rc7 Re6 39. Rc8+ Kh7 40. Qf5+ Rg6 41. Qxe4 Qxa2 42. Rc5 Qe2 43. Rf5 f6 44. Rc5 Kh6 45. Rc8 Kh7 46. Kg2 Qb5 47. Qa8 Rg4 48. Rh8+ Kg6 49. Qg8 Qc6+ 50. Kh2 1-0

[Event "Hampshire Open"]
[Site "Eastleigh"]
[Date "2017.11.04"]
[Round "2"]
[White "Fowler, David"]
[Black "Chapman, Matt"]
[Result "1/2-1/2"]
[WhiteElo "2040"]
[BlackElo "2064"]
[PlyCount "32"]
[EventDate "2017.11.03"]
[EventType "swiss"]
[EventRounds "6"]
[EventCountry "ENG"]
[SourceTitle "BritBase"]
[Source "John Saunders"]
[SourceDate "2017.11.12"]
[SourceVersion "1"]
[SourceVersionDate "2017.11.12"]
[SourceQuality "1"]

1. d4 d5 2. c4 c6 3. Nc3 Nf6 4. e3 a6 5. Nf3 Bf5 6. Qb3 Ra7 7. Ne5 e6 8. cxd5 cxd5 9. Be2 Nbd7 10. Nxd7 Qxd7 11. Qb6 Ra8 12. Bd2 Be7 13. Rc1 O-O 14. O-O Rac8 15. Qb3 Ne4 16. Nxe4 Bxe4 1/2-1/2

[Event "Hampshire Open"]
[Site "Eastleigh"]
[Date "2017.11.04"]
[Round "2"]
[White "Anderson, Peter"]
[Black "Gregory, Keith DF"]
[Result "1-0"]
[WhiteElo "1992"]
[BlackElo "2040"]
[PlyCount "65"]
[EventDate "2017.11.03"]
[EventType "swiss"]
[EventRounds "6"]
[EventCountry "ENG"]
[SourceTitle "BritBase"]
[Source "John Saunders"]
[SourceDate "2017.11.12"]
[SourceVersion "1"]
[SourceVersionDate "2017.11.12"]
[SourceQuality "1"]

1. d4 d6 2. c4 e5 3. Nf3 Nd7 4. e4 Ngf6 5. Nc3 Be7 6. Be2 O-O 7. O-O c6 8. Re1 a6 9. b3 Re8 10. Bb2 Qc7 11. Qc2 b6 12. Rac1 Bb7 13. Bd3 g6 14. Nd1 Bf8 15. Qb1 Bg7 16. a3 Re7 17. b4 exd4 18. Nxd4 c5 19. Nb3 Rae8 20. f3 Ne5 21. Ne3 Nh5 22. Bf1 Nf4 23. Rcd1 Nh3+ 24. gxh3 Nxf3+ 25. Kf2 Nxe1 26. Bxg7 Kxg7 27. Qb2+ f6 28. Ng4 Rf8 29. Rxe1 h5 30. Ne3 d5 31. Nxd5 Qxh2+ 32. Bg2 Re5 33. Rh1 1-0

[Event "Hampshire Open"]
[Site "Eastleigh"]
[Date "2017.11.04"]
[Round "2"]
[White "Williams, Robin"]
[Black "Fernandez, Michael"]
[Result "0-1"]
[WhiteElo "1864"]
[BlackElo "2328"]
[PlyCount "56"]
[EventDate "2017.11.03"]
[EventType "swiss"]
[EventRounds "6"]
[EventCountry "ENG"]
[SourceTitle "BritBase"]
[Source "John Saunders"]
[SourceDate "2017.11.12"]
[SourceVersion "1"]
[SourceVersionDate "2017.11.12"]
[SourceQuality "1"]

1. e4 c5 2. Nf3 d6 3. d4 cxd4 4. Nxd4 Nf6 5. Nc3 g6 6. f3 a6 7. Be3 b5 8. Qd2 Bb7 9. Bh6 Bxh6 10. Qxh6 Nbd7 11. O-O-O Rc8 12. Kb1 Qc7 13. Qd2 b4 14. Nce2 d5 15. exd5 Nxd5 16. Rc1 N7b6 17. Ng3 Na4 18. Nb3 O-O 19. Ne4 Rfd8 20. Ka1 Nxb2 21. Kxb2 Nc3 22. Qe1 Bxe4 23. fxe4 Qe5 24. Nd4 Qxd4 25. Rb1 Na4+ 26. Kc1 Rxc2+ 27. Kxc2 Rc8+ 28. Kb3 Rc3+ 0-1

[Event "Hampshire Open"]
[Site "Eastleigh"]
[Date "2017.11.04"]
[Round "2"]
[White "Cordner, David A"]
[Black "Chilton, James"]
[Result "1-0"]
[WhiteElo "1984"]
[BlackElo "1760"]
[PlyCount "91"]
[EventDate "2017.11.03"]
[EventType "swiss"]
[EventRounds "6"]
[EventCountry "ENG"]
[SourceTitle "BritBase"]
[Source "John Saunders"]
[SourceDate "2017.11.12"]
[SourceVersion "1"]
[SourceVersionDate "2017.11.12"]
[SourceQuality "1"]

1. d4 Nf6 2. Bg5 d5 3. c4 c6 4. Nc3 e6 5. e3 Be7 6. Nf3 O-O 7. Rc1 Ne4 8. Bxe7 Qxe7 9. Bd3 f5 10. O-O Nd7 11. Ne5 Rf6 12. f3 Nd6 13. Qe2 Nf7 14. Nxf7 Qxf7 15. e4 dxc4 16. Bxc4 Nb6 17. Bb3 Bd7 18. exf5 Rxf5 19. Ne4 Qe7 20. Nc5 Nd5 21. Bxd5 Rxd5 22. Nxb7 Rxd4 23. Nc5 Rb8 24. Rfe1 Rd6 25. b3 Rb5 26. Qe3 Rd5 27. Nxd7 Qxd7 28. Qxe6+ Qxe6 29. Rxe6 Rd2 30. Rcxc6 Rxa2 31. Rc7 Kf8 32. Rd6 Ra1+ 33. Kf2 Ra2+ 34. Kg3 Re2 35. Rd8+ Re8 36. Rxe8+ Kxe8 37. Rxg7 a5 38. Rxh7 Rxb3 39. Ra7 Rb5 40. h4 Kd8 41. Kg4 Kc8 42. h5 Kb8 43. Re7 a4 44. h6 Rb6 45. h7 Rh6 46. Re8+ 1-0

[Event "Hampshire Open"]
[Site "Eastleigh"]
[Date "2017.11.04"]
[Round "2"]
[White "Northcott, Paul"]
[Black "Stimpson, Philip M"]
[Result "0-1"]
[WhiteElo "1888"]
[BlackElo "1944"]
[PlyCount "116"]
[EventDate "2017.11.03"]
[EventType "swiss"]
[EventRounds "6"]
[EventCountry "ENG"]
[SourceTitle "BritBase"]
[Source "John Saunders"]
[SourceDate "2017.11.12"]
[SourceVersion "1"]
[SourceVersionDate "2017.11.12"]
[SourceQuality "1"]

1. f4 d5 2. Nf3 c5 3. e3 Nc6 4. Bb5 Bg4 5. h3 Bxf3 6. Qxf3 e6 7. c4 Nf6 8. Nc3 Be7 9. O-O O-O 10. Bxc6 bxc6 11. cxd5 cxd5 12. d4 cxd4 13. exd4 Qb6 14. Qf2 Rab8 15. Rb1 Rfc8 16. Be3 Bb4 17. Na4 Qa5 18. b3 Ne4 19. Qb2 Bd2 20. Rf3 Bxe3+ 21. Rxe3 Qd2 22. Qxd2 Nxd2 23. Ra1 Ne4 24. Re2 Rc7 25. Rb1 Rbc8 26. a3 h5 27. b4 Nc3 28. Nxc3 Rxc3 29. Rd2 Rxa3 30. b5 Rac3 31. Ra1 Rc1+ 32. Rxc1 Rxc1+ 33. Kf2 Rb1 34. Ra2 Rxb5 35. Rxa7 Rb4 36. Ke3 h4 37. Ra8+ Kh7 38. Rf8 Kg6 39. Rh8 Rb3+ 40. Ke2 Rg3 41. Kf2 Rd3 42. Rxh4 Kf6 43. g3 Rxd4 44. Ke3 Ra4 45. Rg4 g6 46. Rg5 Ke7 47. Kd3 Kd6 48. Ke3 Kc5 49. h4 Kc4 50. Kf2 Kd3 51. Re5 Re4 52. Rxe4 dxe4 53. g4 Kd2 54. h5 gxh5 55. gxh5 e3+ 56. Kg2 e2 57. h6 e1=Q 58. h7 Qh4 0-1

[Event "Hampshire Open"]
[Site "Eastleigh"]
[Date "2017.11.04"]
[Round "2"]
[White "Davis, Tim"]
[Black "Potter, Mark"]
[Result "1-0"]
[WhiteElo "1920"]
[BlackElo "1904"]
[PlyCount "83"]
[EventDate "2017.11.03"]
[EventType "swiss"]
[EventRounds "6"]
[EventCountry "ENG"]
[SourceTitle "BritBase"]
[Source "John Saunders"]
[SourceDate "2017.11.12"]
[SourceVersion "1"]
[SourceVersionDate "2017.11.12"]
[SourceQuality "1"]

1. d4 d6 2. e4 g6 3. Nf3 Bg7 4. c3 Nf6 5. Bd3 O-O 6. O-O Nc6 7. d5 Ne5 8. Nxe5 dxe5 9. Bg5 h6 10. Bh4 Nh5 11. c4 Nf4 12. Nc3 Qd7 13. Bg3 g5 14. f3 a6 15. Qc2 Qd6 16. Bf2 Qg6 17. Ne2 h5 18. Nxf4 gxf4 19. Bh4 Bf6 20. Bxf6 Qxf6 21. c5 Kh8 22. b4 Rg8 23. a4 Rg6 24. Kh1 Bd7 25. b5 Rag8 26. Rg1 Qg7 27. Qf2 Qf6 28. c6 bxc6 29. dxc6 Bc8 30. Rae1 axb5 31. Bxb5 h4 32. a5 Qg7 33. a6 h3 34. gxh3 Bxh3 35. Rxg6 Qxg6 36. Rg1 Qh6 37. Rxg8+ Kxg8 38. a7 Qf8 39. Ba6 Qd8 40. Qg1+ Kf8 41. Bb7 Bg2+ 42. Kxg2 1-0

[Event "Hampshire Open"]
[Site "Eastleigh"]
[Date "2017.11.04"]
[Round "3"]
[White "Fernandez, Michael"]
[Black "Waddington, Michael P"]
[Result "0-1"]
[WhiteElo "2328"]
[BlackElo "2128"]
[PlyCount "68"]
[EventDate "2017.11.03"]
[EventType "swiss"]
[EventRounds "6"]
[EventCountry "ENG"]
[SourceTitle "BritBase"]
[Source "John Saunders"]
[SourceDate "2017.11.12"]
[SourceVersion "1"]
[SourceVersionDate "2017.11.12"]
[SourceQuality "1"]

1. Nf3 f5 2. d4 Nf6 3. Bf4 g6 4. e3 Bg7 5. c4 O-O 6. Nc3 d6 7. Bd3 Nc6 8. d5 Nb4 9. Bb1 a5 10. Qd2 e5 11. dxe6 Bxe6 12. Qe2 Nh5 13. Ng5 Bd7 14. O-O Nxf4 15. exf4 Re8 16. Qd2 h6 17. Nf3 Be6 18. a3 Na6 19. Ba2 Nc5 20. Rae1 Bf7 21. Nd5 Ne4 22. Qc2 c6 23. Ne3 Qf6 24. Re2 Ra6 25. Nd2 Rb6 26. Nxe4 Rxe4 27. c5 Rxb2 28. Qxb2 Qxb2 29. Rxb2 Bxb2 30. Bxf7+ Kxf7 31. Rb1 Bxa3 32. Rxb7+ Ke6 33. cxd6 Bxd6 34. Rb6 Kd7 0-1

[Event "Hampshire Open"]
[Site "Eastleigh"]
[Date "2017.11.04"]
[Round "3"]
[White "Chapman, Matt"]
[Black "Anderson, Peter"]
[Result "0-1"]
[WhiteElo "2064"]
[BlackElo "1992"]
[PlyCount "58"]
[EventDate "2017.11.03"]
[EventType "swiss"]
[EventRounds "6"]
[EventCountry "ENG"]
[SourceTitle "BritBase"]
[Source "John Saunders"]
[SourceDate "2017.11.12"]
[SourceVersion "1"]
[SourceVersionDate "2017.11.12"]
[SourceQuality "1"]

1. e4 g6 2. d4 Bg7 3. c4 d6 4. Nc3 e5 5. Be3 exd4 6. Bxd4 Nf6 7. Nf3 Nc6 8. Be2 O-O 9. Qd2 Nxd4 10. Nxd4 Re8 11. f3 Nd7 12. O-O Nc5 13. Rad1 b6 14. Kh1 Bb7 15. Nd5 Ne6 16. Nxe6 fxe6 17. Nc3 Qh4 18. g3 Qh3 19. Rf2 Rf8 20. Bf1 Qh5 21. Bg2 Rf7 22. Qe3 Raf8 23. b4 Bxc3 24. Qxc3 Bxe4 25. Re1 Bxf3 26. Rxe6 Bxg2+ 27. Rxg2 Rf1+ 28. Rg1 Qh3 29. Qd3 R1f2 0-1

[Event "Hampshire Open"]
[Site "Eastleigh"]
[Date "2017.11.04"]
[Round "3"]
[White "Cordner, David A"]
[Black "Fowler, David"]
[Result "0-1"]
[WhiteElo "1984"]
[BlackElo "2040"]
[PlyCount "66"]
[EventDate "2017.11.03"]
[EventType "swiss"]
[EventRounds "6"]
[EventCountry "ENG"]
[SourceTitle "BritBase"]
[Source "John Saunders"]
[SourceDate "2017.11.12"]
[SourceVersion "1"]
[SourceVersionDate "2017.11.12"]
[SourceQuality "1"]

1. d4 d5 2. c4 e6 3. Nc3 c6 4. Nf3 Nf6 5. Bg5 h6 6. Bh4 dxc4 7. e4 g5 8. Bg3 b5 9. e5 Nd5 10. Be2 Qa5 11. O-O Nxc3 12. bxc3 Qxc3 13. Rc1 Qa3 14. h4 g4 15. Nd2 h5 16. Ne4 Nd7 17. f3 Bb7 18. fxg4 c5 19. Rf3 Qb2 20. d5 Bxd5 21. Ng5 Bxf3 22. Bxf3 Rd8 23. Bc6 Bh6 24. Rc2 Qd4+ 25. Qxd4 cxd4 26. Bxb5 Bxg5 27. hxg5 d3 28. Rxc4 h4 29. Be1 O-O 30. Bb4 Nxe5 31. Rc1 d2 32. Rd1 Nxg4 33. Bxf8 Kxf8 0-1

[Event "Hampshire Open"]
[Site "Eastleigh"]
[Date "2017.11.04"]
[Round "3"]
[White "Deacon, David"]
[Black "Stimpson, Philip M"]
[Result "1/2-1/2"]
[WhiteElo "1856"]
[BlackElo "1944"]
[PlyCount "43"]
[EventDate "2017.11.03"]
[EventType "swiss"]
[EventRounds "6"]
[EventCountry "ENG"]
[SourceTitle "BritBase"]
[Source "John Saunders"]
[SourceDate "2017.11.12"]
[SourceVersion "1"]
[SourceVersionDate "2017.11.12"]
[SourceQuality "1"]

1. d4 Nf6 2. Nf3 d5 3. e3 c5 4. b3 cxd4 5. exd4 e6 6. Bd3 Nc6 7. O-O Qc7 8. Bb2 Bd6 9. Nc3 a6 10. a3 O-O 11. Re1 Re8 12. Nb1 e5 13. dxe5 Nxe5 14. Nxe5 Bxe5 15. Bxe5 Rxe5 16. Rxe5 Qxe5 17. Nd2 Bg4 18. Qc1 Qc3 19. Nf1 d4 20. Qe1 Qb2 21. Qc1 Qc3 22. Qe1 1/2-1/2

[Event "Hampshire Open"]
[Site "Eastleigh"]
[Date "2017.11.04"]
[Round "3"]
[White "Gregory, Keith DF"]
[Black "Davis, Tim"]
[Result "1-0"]
[WhiteElo "2040"]
[BlackElo "1920"]
[PlyCount "119"]
[EventDate "2017.11.03"]
[EventType "swiss"]
[EventRounds "6"]
[EventCountry "ENG"]
[SourceTitle "BritBase"]
[Source "John Saunders"]
[SourceDate "2017.11.12"]
[SourceVersion "1"]
[SourceVersionDate "2017.11.12"]
[SourceQuality "1"]

1. Nf3 d5 2. c4 e6 3. g3 Nf6 4. Bg2 dxc4 5. Qa4+ Nbd7 6. Qxc4 a6 7. O-O b5 8. Qc2 Bb7 9. b3 Bd6 10. Bb2 O-O 11. d3 c5 12. Nbd2 Rc8 13. Rac1 Qc7 14. Qb1 Qb8 15. Qa1 Rfd8 16. Rc2 Qa8 17. Rfc1 Bf8 18. Nf1 Nd5 19. a3 N5b6 20. N1d2 a5 21. d4 cxd4 22. Bxd4 Rxc2 23. Rxc2 Rc8 24. Rxc8 Qxc8 25. Bc3 a4 26. b4 Nd5 27. Bb2 Qc2 28. Qc1 Qxc1+ 29. Bxc1 e5 30. Bb2 Bd6 31. Ne4 Bc7 32. Nfd2 h6 33. Nb1 f5 34. Nec3 Nxc3 35. Nxc3 Bxg2 36. Kxg2 e4 37. Nxb5 Be5 38. Bxe5 Nxe5 39. Nc3 Nc4 40. Nxa4 Nxa3 41. Nc3 Kf7 42. f3 exf3+ 43. Kxf3 Ke6 44. e4 Nc4 45. exf5+ Kxf5 46. g4+ Ke5 47. Na4 Nd6 48. Ke3 g6 49. Nb2 h5 50. Nd3+ Kd5 51. g5 Kc4 52. Ne5+ Kxb4 53. Nxg6 Kc5 54. Ne7 Ne8 55. Ke4 Kd6 56. Nf5+ Ke6 57. h4 Kf7 58. Ke5 Nc7 59. Ng3 Nb5 60. Nxh5 1-0

[Event "Hampshire Open"]
[Site "Eastleigh"]
[Date "2017.11.04"]
[Round "3"]
[White "Chilton, James"]
[Black "Williams, Robin"]
[Result "0-1"]
[WhiteElo "1760"]
[BlackElo "1864"]
[PlyCount "114"]
[EventDate "2017.11.03"]
[EventType "swiss"]
[EventRounds "6"]
[EventCountry "ENG"]
[SourceTitle "BritBase"]
[Source "John Saunders"]
[SourceDate "2017.11.12"]
[SourceVersion "1"]
[SourceVersionDate "2017.11.12"]
[SourceQuality "1"]

1. e4 e5 2. Nf3 Nf6 3. Nc3 Bb4 4. Bc4 d6 5. O-O O-O 6. d3 Bg4 7. Bg5 c6 8. h3 Be6 9. Bxe6 fxe6 10. Ne2 Qe7 11. c3 Ba5 12. d4 exd4 13. cxd4 e5 14. Ng3 Qe6 15. dxe5 dxe5 16. Qa4 Bb6 17. Rad1 Na6 18. b4 Rad8 19. Rd2 Rxd2 20. Bxd2 Rd8 21. Bc3 Bd4 22. Rd1 Qc4 23. Qb3 Qxb3 24. axb3 Bxf2+ 25. Kxf2 Rxd1 26. Nxe5 Nc7 27. Nc4 Rd3 28. Be5 Ne6 29. Na5 Nd7 30. Ba1 Rd1 31. Bc3 Rc1 32. Ne2 Rc2 33. Ke3 Nf4 34. Nxf4 Rxc3+ 35. Kd4 Rg3 36. e5 Kf8 37. Nxb7 g5 38. Nh5 Rxg2 39. e6 Nb6 40. Na5 Rc2 41. Ke5 Ke7 42. Nf6 Re2+ 43. Ne4 Rxe4+ 44. Kxe4 Kxe6 45. Nxc6 Nc8 46. Nd4+ Kf6 47. Kd5 h5 48. b5 Ne7+ 49. Ke4 g4 50. hxg4 hxg4 51. Nc6 g3 52. Nxa7 g2 53. Nc6 g1=Q 54. Nd4 Qg4+ 55. Kd3 Ke5 56. Nc6+ Nxc6 57. bxc6 Qe4+ 0-1

[Event "Hampshire Open"]
[Site "Eastleigh"]
[Date "2017.11.04"]
[Round "3"]
[White "Potter, Mark"]
[Black "Northcott, Paul"]
[Result "1/2-1/2"]
[WhiteElo "1904"]
[BlackElo "1888"]
[PlyCount "80"]
[EventDate "2017.11.03"]
[EventType "swiss"]
[EventRounds "6"]
[EventCountry "ENG"]
[SourceTitle "BritBase"]
[Source "John Saunders"]
[SourceDate "2017.11.12"]
[SourceVersion "1"]
[SourceVersionDate "2017.11.12"]
[SourceQuality "1"]

1. c4 g6 2. g3 Bg7 3. Bg2 d6 4. Nc3 c5 5. d3 Nc6 6. e4 e6 7. Nge2 Nge7 8. O-O O-O 9. Be3 f5 10. Rb1 a6 11. Qd2 e5 12. Bh6 Nd4 13. Bxg7 Kxg7 14. Nxd4 cxd4 15. Nd5 Nxd5 16. cxd5 f4 17. f3 h5 18. Rbc1 b5 19. Rc2 Bd7 20. Rfc1 Rc8 21. Rxc8 Bxc8 22. Qc2 Bd7 23. Qc7 Qxc7 24. Rxc7 Rf7 25. Ra7 Bc8 26. Rxf7+ Kxf7 27. b4 g5 28. Kf2 Kf6 29. h3 h4 30. g4 Ke7 31. Ke2 Kd8 32. Kd2 Kc7 33. Kc2 Kb6 34. Kb3 a5 35. a3 Ba6 36. Bf1 axb4 37. axb4 Bb7 38. Be2 Bc8 39. Bd1 Bd7 40. Be2 Bc8 1/2-1/2

[Event "Hampshire Open"]
[Site "Eastleigh"]
[Date "2017.11.04"]
[Round "4"]
[White "Waddington, Michael P"]
[Black "Fowler, David"]
[Result "1-0"]
[WhiteElo "2128"]
[BlackElo "2040"]
[PlyCount "43"]
[EventDate "2017.11.03"]
[EventType "swiss"]
[EventRounds "6"]
[EventCountry "ENG"]
[SourceTitle "BritBase"]
[Source "John Saunders"]
[SourceDate "2017.11.12"]
[SourceVersion "1"]
[SourceVersionDate "2017.11.12"]
[SourceQuality "1"]

1. c4 e6 2. Nc3 d5 3. e3 Nf6 4. Nf3 Be7 5. Be2 O-O 6. O-O Nbd7 7. b3 c6 8. d4 b6 9. Bb2 Bb7 10. Ne5 Nxe5 11. dxe5 Nd7 12. f4 Bc5 13. Rf3 Qe7 14. Rh3 f6 15. Bd3 g6 16. exf6 Nxf6 17. Na4 Bd6 18. Qc2 Rae8 19. Bxg6 hxg6 20. Qxg6+ Qg7 21. Rg3 Re7 22. Qh6 1-0